Visualizzazione normale
Vista MARC
- Bettelheim B., Burckhardt L., Burkhardt L., Dessai E., Elias N.,
di Personal Name
Records bibliografici associati: 1
001 - CONTROL NUMBER
- control field: 60737
003 - CONTROL NUMBER IDENTIFIER
- control field:
005 - DATE AND TIME OF LATEST TRANSACTION
- control field: 20240523143750.0
008 - FIXED-LENGTH DATA ELEMENTS
- fixed length control field: 240523|| aca||aabn | a|a d
040 ## - CATALOGING SOURCE
- Original cataloging agency:
- Transcribing agency:
100 ## - HEADING--PERSONAL NAME
- Personal name: Bettelheim B., Burckhardt L., Burkhardt L., Dessai E., Elias N.,
- Personal name: Gaupp-Kandzora R., Guiducci R., Huth E., Insulander E., Otto G.,
- Personal name: Schweighofer A., Waak U., Weber J
670 ## - SOURCE DATA FOUND
- Source citation: Work cat.: ()217797: Burkhardt Linde (a cura di) 60736, Abitare con i bambini, 1982